[Event "Olympiad Women-43"]
[Site "Batumi"]
[Date "2018.10.05"]
[Round "11.1"]
[White "Baptista, Ana Filipa"]
[Black "Mezioud, Amina"]
[Result "1/2-1/2"]
[WhiteElo "2008"]
[BlackElo "2056"]
[PlyCount "136"]
[EventDate "2018.09.24"]
[EventType "team-swiss"]
[EventRounds "11"]
[EventCountry "GEO"]
[SourceTitle "EXT 2020"]
[Source "ChessBase"]
[SourceDate "2019.10.17"]
[SourceVersion "1"]
[SourceVersionDate "2019.10.17"]
[SourceQuality "1"]
[WhiteTeam "Portugal (W)"]
[BlackTeam "Algeria (W)"]
[WhiteTeamCountry "POR"]
[BlackTeamCountry "ALG"]

1. e4 c5 2. Nf3 e6 3. d4 cxd4 4. Nxd4 a6 5. Nc3 Qc7 6. Bd3 Nf6 7. 0-0 Be7 8. Kh1 b5 9. f4 d6 10. e5 Nfd7 11. exd6 Qxd6 12. Qf3 Qb6 13. Be4 Ra7 14. Be3 Bc5 15. Rad1 f5 16. b4 fxe4 17. bxc5 exf3 18. cxb6 fxg2+ 19. Kxg2 Nxb6 20. Ndxb5 axb5 21. Bxb6 Rd7 22. Nxb5 0-0 23. a4 Bb7+ 24. Kg3 Rc8 25. Nc7 Re7 26. Rfe1 Kf7 27. Nb5 Kg6 28. f5+ Kh5 29. c3 Nd7 30. Ba5 Rc4 31. Rd4 Rxd4 32. cxd4 Nf6 33. Rxe6 Rd7 34. Kf4 Bd5 35. Re3 g5+ 36. fxg6 Kxg6 37. Re5 Bb3 38. Rg5+ Kf7 39. Rc5 Bxa4 40. Ke5 Ng4+ 41. Ke4 Bxb5 42. Rxb5 Nxh2 43. Rh5 Ng4 44. Rxh7+ Ke6 45. Rh8 Nf6+ 46. Kd3 Nd5 47. Rh6+ Kf5 48. Rh5+ Ke6 49. Re5+ Kd6 50. Kc4 Kc6 51. Re6+ Rd6 52. Re8 Rd7 53. Rc8+ Kb7 54. Rc5 Nf4 55. Rb5+ Ka6 56. Bb6 Kb7 57. Bd8+ Kc8 58. Bf6 Rc7+ 59. Kb4 Rb7 60. Rxb7 Kxb7 61. Kb5 Ne2 62. d5 Kc7 63. Kc5 Kd7 64. Be5 Ng1 65. Kc4 Nf3 66. Bf4 Nh4 67. Kd4 Nf5+ 68. Ke5 Ne7 1/2-1/2

[Event "Olympiad Women-43"]
[Site "Batumi"]
[Date "2018.10.03"]
[Round "9.1"]
[White "Arakhamia Grant, Ketevan"]
[Black "Baptista, Ana Filipa"]
[Result "1-0"]
[WhiteElo "2345"]
[BlackElo "2008"]
[PlyCount "45"]
[EventDate "2018.09.24"]
[EventType "team-swiss"]
[EventRounds "11"]
[EventCountry "GEO"]
[SourceTitle "EXT 2020"]
[Source "ChessBase"]
[SourceDate "2019.10.17"]
[SourceVersion "1"]
[SourceVersionDate "2019.10.17"]
[SourceQuality "1"]
[WhiteTeam "Scotland (W)"]
[BlackTeam "Portugal (W)"]
[WhiteTeamCountry "SCO"]
[BlackTeamCountry "POR"]

1. e4 c5 2. Nf3 e6 3. d4 cxd4 4. Nxd4 Nf6 5. Nc3 d6 6. Be2 a6 7. f4 Qc7 8. 0-0 Nc6 9. Be3 Be7 10. Kh1 Bd7 11. Qe1 b5 12. a3 Nxd4 13. Bxd4 e5 14. fxe5 dxe5 15. Qg3 Bc6 16. Bxe5 Qb7 17. Rad1 h5 18. Qxg7 Rg8 19. Qh6 Nxe4 20. Bf3 Rg6 21. Qh8+ Bf8 22. Nxe4 Bxe4 23. Rfe1 1-0

[Event "Olympiad Women-43"]
[Site "Batumi"]
[Date "2018.10.02"]
[Round "8.1"]
[White "Baptista, Ana Filipa"]
[Black "Badelka, Olga"]
[Result "0-1"]
[WhiteElo "2008"]
[BlackElo "2404"]
[PlyCount "88"]
[EventDate "2018.09.24"]
[EventType "team-swiss"]
[EventRounds "11"]
[EventCountry "GEO"]
[SourceTitle "EXT 2020"]
[Source "ChessBase"]
[SourceDate "2019.10.17"]
[SourceVersion "1"]
[SourceVersionDate "2019.10.17"]
[SourceQuality "1"]
[WhiteTeam "Portugal (W)"]
[BlackTeam "Belarus (W)"]
[WhiteTeamCountry "POR"]
[BlackTeamCountry "BLR"]

1. e4 c5 2. Nf3 Nc6 3. d4 cxd4 4. Nxd4 Qb6 5. Nb3 Nf6 6. Nc3 e6 7. a3 Be7 8. Be2 a6 9. Be3 Qc7 10. 0-0 b5 11. f4 d6 12. Bf3 Bb7 13. Qe1 Rc8 14. Rd1 0-0 15. Nd4 Nxd4 16. Bxd4 e5 17. Be3 exf4 18. Bxf4 Nd7 19. Bg4 Rcd8 20. Bxd7 Rxd7 21. Qg3 Rfd8 22. Kh1 Bf6 23. Rd3 Qc4 24. Bd2 Be5 25. Qh4 Bxc3 26. Bxc3 Bxe4 27. Rf4 Bxd3 28. Qg3 Bg6 29. Rxc4 bxc4 30. h4 h5 31. Bd4 Re8 32. Qc3 Rde7 33. Bxg7 Re3 34. Qd4 R8e4 35. Qf6 Re6 36. Qd4 R3e4 37. Qc3 Rxh4+ 38. Kg1 Rg4 39. Bd4 Re2 40. Qxc4 Rxc2 41. Qb4 Rgxg2+ 42. Kh1 Rh2+ 43. Kg1 Rcg2+ 44. Kf1 Bd3+ 0-1

[Event "Olympiad Women-43"]
[Site "Batumi"]
[Date "2018.09.28"]
[Round "5.47"]
[White "Murad, Fatema Alzahraa"]
[Black "Baptista, Ana Filipa"]
[Result "0-1"]
[WhiteElo "1649"]
[BlackElo "2008"]
[PlyCount "188"]
[EventDate "2018.09.24"]
[EventType "team-swiss"]
[EventRounds "11"]
[EventCountry "GEO"]
[SourceTitle "EXT 2020"]
[Source "ChessBase"]
[SourceDate "2019.10.17"]
[SourceVersion "1"]
[SourceVersionDate "2019.10.17"]
[SourceQuality "1"]
[WhiteTeam "Syria (W)"]
[BlackTeam "Portugal (W)"]
[WhiteTeamCountry "SYR"]
[BlackTeamCountry "POR"]

1. d4 Nf6 2. c4 e6 3. Nc3 Bb4 4. Qc2 c5 5. dxc5 Bxc5 6. Nf3 Nc6 7. e3 d5 8. cxd5 Nxd5 9. Nxd5 Qxd5 10. a3 Bd7 11. Bd2 Rc8 12. Bc3 e5 13. Rd1 Qe6 14. h4 Nd4 15. Bxd4 exd4 16. Ng5 Bb4+ 17. axb4 Rxc2 18. Nxe6 Bxe6 19. Rxd4 0-0 20. Be2 Rfc8 21. Bd1 R2c4 22. Rd2 Rxb4 23. g3 Bc4 24. Be2 Kf8 25. 0-0 Bxe2 26. Rxe2 Rc6 27. Rd1 Rcb6 28. Rdd2 Ke7 29. Kg2 Ke6 30. Rc2 a5 31. Red2 a4 32. Kf3 Rd6 33. Ke2 Rxd2+ 34. Rxd2 Rb6 35. Rc2 Kd5 36. Kd3 f5 37. h5 Rb3+ 38. Ke2 Ke5 39. Kf3 Kf6 40. Rd2 Kg5 41. Rc2 Kxh5 42. Kf4 Kg6 43. Rd2 Kf6 44. Rd6+ Ke7 45. Rd2 Ke6 46. Kg5 b5 47. Rc2 Rb4 48. f4 Rb3 49. Re2 b4 50. g4 fxg4 51. Kxg4 a3 52. bxa3 bxa3 53. e4 Rb2 54. Re1 a2 55. Ra1 Kf6 56. Kf3 g5 57. fxg5+ Kxg5 58. Rg1+ Kf6 59. Ra1 Ke5 60. Ke3 Rb3+ 61. Kd2 Ra3 62. Kc2 Kxe4 63. Kb2 Ra5 64. Re1+ Kf3 65. Ka1 h5 66. Re7 h4 67. Rf7+ Kg2 68. Rg7+ Kh2 69. Rg4 h3 70. Rg6 Ra3 71. Rg4 Rg3 72. Rc4 Kg1 73. Kxa2 h2 74. Rc1+ Kg2 75. Rc2+ Kh3 76. Rc1 Rg1 77. Rc3+ Kg4 78. Rc4+ Kg5 79. Rc5+ Kf4 80. Rh5 h1Q 81. Rxh1 Rxh1 82. Kb3 Ke4 83. Kc3 Ke3 84. Kc4 Rh5 85. Kc3 Rc5+ 86. Kb4 Kd4 87. Kb3 Rc4 88. Kb2 Rc3 89. Kb1 Kc4 90. Kb2 Kb4 91. Ka2 Rc2+ 92. Ka1 Kb3 93. Kb1 Rc4 94. Ka1 Rc1# 0-1

[Event "Lisbon Portugal rapid op"]
[Site "Lisbon"]
[Date "2018.02.10"]
[Round "8"]
[White "Ortega Amarelle, Mariano"]
[Black "Baptista, Ana Filipa"]
[Result "1-0"]
[WhiteElo "2447"]
[BlackElo "2010"]
[PlyCount "65"]
[EventDate "2018.02.10"]
[EventType "swiss (rapid)"]
[EventRounds "8"]
[EventCountry "POR"]
[SourceTitle "CBM 182 Extra"]
[Source "ChessBase"]
[SourceDate "2018.02.23"]
[SourceVersion "1"]
[SourceVersionDate "2018.02.23"]
[SourceQuality "1"]

1. c4 Nf6 2. Nc3 e5 3. Nf3 d6 4. d4 Nbd7 5. e4 c6 6. g3 Be7 7. Bg2 0-0 8. 0-0 Qa5 9. Qc2 b5 10. c5 b4 11. cxd6 Bxd6 12. Ne2 Bb7 13. dxe5 Nxe5 14. Nxe5 Bxe5 15. Be3 Ng4 16. Bc5 Bxb2 17. Rab1 Ba3 18. Bxf8 Rxf8 19. Nd4 Qb6 20. Nb3 Ba6 21. Rfd1 Ne5 22. Nc5 Bc8 23. Nd3 Ng4 24. h3 Nf6 25. Nc5 a5 26. Rd3 b3 27. Nxb3 Ba6 28. Rdd1 Rc8 29. e5 Nd5 30. Nd4 Qc5 31. Qxc5 Bxc5 32. Rbc1 Ba3 33. Rxc6 1-0

[Event "Guimaraes op"]
[Site "Guimaraes"]
[Date "2017.09.03"]
[Round "3"]
[White "Padeiro, Jose Joao Tato"]
[Black "Baptista, Ana Filipa"]
[Result "1-0"]
[WhiteElo "2282"]
[BlackElo "1968"]
[PlyCount "43"]
[EventDate "2017.09.02"]
[EventType "swiss"]
[EventRounds "7"]
[EventCountry "POR"]
[SourceTitle "CBM 180 Extra"]
[Source "ChessBase"]
[SourceDate "2017.10.06"]
[SourceVersion "1"]
[SourceVersionDate "2017.10.06"]
[SourceQuality "1"]

1. d4 Nf6 2. c4 e6 3. Nf3 b6 4. e3 Bb7 5. Bd3 Bb4+ 6. Nbd2 0-0 7. 0-0 d5 8. a3 Bxd2 9. Bxd2 Nbd7 10. b4 dxc4 11. Bxc4 Ne4 12. Be1 Ng5 13. Be2 Rc8 14. Rc1 Qf6 15. Nxg5 Qxg5 16. Bf3 Ba6 17. Be2 Bb7 18. g3 Rfd8 19. Qa4 Qd5 20. f3 c5 21. dxc5 bxc5 22. Rd1 1-0

[Event "Guimaraes op"]
[Site "Guimaraes"]
[Date "2017.09.02"]
[Round "2"]
[White "Baptista, Ana Filipa"]
[Black "Soares, Wilson Joel"]
[Result "1-0"]
[WhiteElo "1968"]
[BlackElo "1494"]
[PlyCount "43"]
[EventDate "2017.09.02"]
[EventType "swiss"]
[EventRounds "7"]
[EventCountry "POR"]
[SourceTitle "CBM 180 Extra"]
[Source "ChessBase"]
[SourceDate "2017.10.06"]
[SourceVersion "1"]
[SourceVersionDate "2017.10.06"]
[SourceQuality "1"]

1. e4 c5 2. Nf3 Nc6 3. d4 cxd4 4. Nxd4 g6 5. c4 Bg7 6. Be3 Nf6 7. Nc3 0-0 8. Be2 d6 9. 0-0 a6 10. h3 Bd7 11. Qd2 Rc8 12. f4 e5 13. Nf3 Be6 14. Rad1 Qd7 15. Qxd6 Bxh3 16. Qxd7 Bxd7 17. fxe5 Ng4 18. Bc5 Ncxe5 19. Nxe5 Bxe5 20. Bxf8 Be6 21. Bd6 Bxc3 22. Bxg4 1-0

[Event "Chefchaouen op 16th"]
[Site "Chefchaouen"]
[Date "2017.07.26"]
[Round "5"]
[White "Veiga, Jose Francisco RP"]
[Black "Baptista, Ana Filipa"]
[Result "1-0"]
[WhiteElo "2109"]
[BlackElo "1968"]
[PlyCount "41"]
[EventDate "2017.07.24"]
[EventType "swiss"]
[EventRounds "9"]
[EventCountry "MAR"]
[SourceTitle "EXT 2020"]
[Source "ChessBase"]
[SourceDate "2019.10.17"]
[SourceVersion "1"]
[SourceVersionDate "2019.10.17"]
[SourceQuality "1"]

1. e4 c5 2. Nf3 e6 3. d4 cxd4 4. Nxd4 Nf6 5. Nc3 d6 6. g4 h6 7. h3 Nc6 8. Be3 a6 9. f4 Qc7 10. Bg2 Nxd4 11. Qxd4 e5 12. Qd2 b5 13. g5 hxg5 14. fxg5 b4 15. Na4 Nd7 16. g6 fxg6 17. Qd5 Bb7 18. Qe6+ Be7 19. Qxg6+ Kd8 20. Qxg7 Bh4+ 21. Kd1 1-0

[Event "EU-ch (Women) 18th"]
[Site "Riga"]
[Date "2017.04.20"]
[Round "9"]
[White "Kazarian, Anna Maja"]
[Black "Baptista, Ana Filipa"]
[Result "1/2-1/2"]
[WhiteElo "2257"]
[BlackElo "2071"]
[PlyCount "57"]
[EventDate "2017.04.11"]
[EventType "swiss"]
[EventRounds "11"]
[EventCountry "LAT"]
[SourceTitle "CBM 177 Extra"]
[Source "ChessBase"]
[SourceDate "2017.04.27"]
[SourceVersion "1"]
[SourceVersionDate "2017.04.27"]
[SourceQuality "1"]

1. e4 d6 2. d4 Nf6 3. Nc3 c6 4. h3 Qa5 5. Bd3 e5 6. Nf3 Nbd7 7. 0-0 Be7 8. Be3 0-0 9. Qd2 Qc7 10. a4 b6 11. Qe2 Re8 12. dxe5 dxe5 13. Bc4 h6 14. Nh4 Nf8 15. f4 Be6 16. f5 Bxc4 17. Qxc4 Rac8 18. Ng6 Bd8 19. Nxf8 Rxf8 20. Rad1 Be7 21. Rd3 Rfd8 22. Rfd1 Qb7 23. Rxd8+ Rxd8 24. Rxd8+ Bxd8 25. b4 a6 26. b5 axb5 27. axb5 cxb5 28. Qxb5 Nxe4 29. Nd5 1/2-1/2

[Event "EU-ch (Women) 18th"]
[Site "Riga"]
[Date "2017.04.19"]
[Round "8"]
[White "Baptista, Ana Filipa"]
[Black "Travkina, Anastasia"]
[Result "0-1"]
[WhiteElo "2071"]
[BlackElo "2287"]
[PlyCount "58"]
[EventDate "2017.04.11"]
[EventType "swiss"]
[EventRounds "11"]
[EventCountry "LAT"]
[SourceTitle "CBM 177 Extra"]
[Source "ChessBase"]
[SourceDate "2017.04.27"]
[SourceVersion "1"]
[SourceVersionDate "2017.04.27"]
[SourceQuality "1"]

1. e4 c5 2. Nf3 d6 3. Bb5+ Bd7 4. Bxd7+ Qxd7 5. Qe2 Nc6 6. c3 Nf6 7. d4 cxd4 8. cxd4 e6 9. Nc3 Be7 10. 0-0 0-0 11. Bg5 h6 12. d5 hxg5 13. dxc6 bxc6 14. Nxg5 e5 15. f4 Qg4 16. Rf3 Nh5 17. Nh3 Nxf4 18. Qf1 Nxh3+ 19. Rxh3 Qe6 20. Qf3 f5 21. Qh5 f4 22. Rf1 Qf6 23. g3 Qg5 24. Qh7+ Kf7 25. Rh5 Qg4 26. Kh1 Rh8 27. Qf5+ Qxf5 28. Rxf5+ Ke6 29. gxf4 g6 0-1

[Event "Olympiad Women-42"]
[Site "Baku"]
[Date "2016.09.02"]
[Round "1.2"]
[White "Baptista, Ana Filipa"]
[Black "Muzychuk, Mariya"]
[Result "0-1"]
[WhiteElo "2125"]
[BlackElo "2539"]
[PlyCount "62"]
[EventDate "2016.09.02"]
[EventType "team-swiss"]
[EventRounds "11"]
[EventCountry "AZE"]
[SourceTitle "CBM 174 Extra"]
[Source "ChessBase"]
[SourceDate "2016.10.10"]
[SourceVersion "1"]
[SourceVersionDate "2016.10.10"]
[SourceQuality "1"]
[WhiteTeam "Portugal (W)"]
[BlackTeam "Ukraine (W)"]
[WhiteTeamCountry "POR"]
[BlackTeamCountry "UKR"]

1. e4 c5 2. Nf3 e6 3. d4 cxd4 4. Nxd4 Nf6 5. Nc3 Nc6 6. Be3 Bb4 7. Bd3 e5 8. Nf5 0-0 9. 0-0 Bxc3 10. bxc3 d5 11. exd5 Qxd5 12. c4 Qe6 13. Bc5 Rd8 14. f3 Qxf5 15. Bxf5 Rxd1 16. Bxh7+ Kxh7 17. Rfxd1 Be6 18. Rd6 Bxc4 19. Rb1 Rc8 20. a3 b6 21. Bf2 Nd5 22. Re1 Nc3 23. Rd7 Be6 24. Rd3 Nd5 25. Bg3 f6 26. c4 Nde7 27. Re4 Bf5 28. Rh4+ Kg8 29. Rd6 Na5 30. Be1 Nxc4 31. Rd1 Ng6 0-1

[Event "Lisbon Honra"]
[Site "Lisbon"]
[Date "2016.06.11"]
[Round "5"]
[White "Baptista, Ana Filipa"]
[Black "Reis, Luis Sousa"]
[Result "0-1"]
[WhiteElo "2139"]
[BlackElo "2148"]
[PlyCount "52"]
[EventDate "2016.06.05"]
[EventType "tourn"]
[EventRounds "9"]
[EventCountry "POR"]
[SourceTitle "EXT 2018"]
[Source "ChessBase"]
[SourceDate "2017.10.13"]
[SourceVersion "1"]
[SourceVersionDate "2017.10.13"]
[SourceQuality "1"]

1. e4 e6 2. d4 d5 3. Nd2 Nc6 4. Ngf3 Nf6 5. e5 Nd7 6. c3 f6 7. exf6 Qxf6 8. Bd3 e5 9. dxe5 Ndxe5 10. Be2 Bd6 11. Qb3 Qf7 12. 0-0 h6 13. c4 d4 14. Nxe5 Bxe5 15. Bf3 0-0 16. Bd5 Be6 17. Nf3 Bd6 18. Bxe6 Qxe6 19. Bd2 Rab8 20. Rae1 Qf7 21. Re4 b5 22. Nxd4 bxc4 23. Qh3 Nxd4 24. Rxd4 Rxb2 25. Qc3 Rxa2 26. Rxc4 Rxd2 0-1

[Event "POR-ch rapid (Women)"]
[Site "Matosinhos"]
[Date "2016.03.19"]
[Round "5"]
[White "Nogueira, Diana Sofia Cunha"]
[Black "Baptista, Ana Filipa"]
[Result "0-1"]
[WhiteElo "1573"]
[BlackElo "2086"]
[PlyCount "86"]
[EventDate "2016.03.19"]
[EventType "swiss (rapid)"]
[EventRounds "6"]
[EventCountry "POR"]
[SourceTitle "EXT 2018"]
[Source "ChessBase"]
[SourceDate "2017.10.13"]
[SourceVersion "1"]
[SourceVersionDate "2017.10.13"]
[SourceQuality "1"]

1. e4 c5 2. Nc3 e6 3. g3 Nc6 4. Bg2 Nf6 5. d3 Be7 6. Be3 d5 7. exd5 exd5 8. d4 Bg4 9. Nge2 Qb6 10. f3 Bf5 11. Rb1 0-0 12. 0-0 cxd4 13. Nxd4 Nxd4 14. Bxd4 Bc5 15. Bxc5 Qxc5+ 16. Kh1 d4 17. Ne4 Bxe4 18. fxe4 Rac8 19. Qd3 Ng4 20. Bh3 Ne5 21. Qd2 Nc4 22. Qd3 Rc6 23. Rfd1 Ne3 24. Rd2 Qh5 25. Bg2 Rh6 26. Bf1 Qf3+ 27. Kg1 f5 28. Rf2 Qxe4 29. Qb3+ Kh8 30. Re1 f4 31. Qb4 Rhf6 32. Bd3 Qc6 33. gxf4 Ng4 34. Be4 Qc8 35. Rg2 Rxf4 36. Qxd4 Nf6 37. Qe5 Rg4 38. Ree2 Re8 39. Qf5 Rgxe4 40. Qxc8 Rxc8 41. Rxe4 Nxe4 42. Re2 Re8 43. Kg2 Kg8 0-1

[Event "Olympiad Women-40"]
[Site "Istanbul"]
[Date "2012.09.05"]
[Round "8.3"]
[White "Baptista, Ana Filipa"]
[Black "Nguyen, Thu Giang"]
[Result "0-1"]
[WhiteElo "2152"]
[BlackElo "2105"]
[PlyCount "96"]
[EventDate "2012.08.28"]
[EventType "team-swiss"]
[EventRounds "11"]
[EventCountry "TUR"]
[SourceTitle "CBM 150 Extra"]
[Source "ChessBase"]
[SourceDate "2012.10.19"]
[SourceVersion "1"]
[SourceVersionDate "2012.10.19"]
[SourceQuality "1"]
[WhiteTeam "Portugal (W)"]
[BlackTeam "Australia (W)"]
[WhiteTeamCountry "POR"]
[BlackTeamCountry "AUS"]

1. e4 c6 2. d4 d5 3. exd5 cxd5 4. Bd3 Nc6 5. c3 Qc7 6. Nf3 Bg4 7. Nbd2 Nf6 8. 0-0 e6 9. Re1 Bd6 10. Nf1 0-0 11. Bg5 Nd7 12. Bh4 Kh8 13. Bg3 a6 14. h3 Bh5 15. Bxd6 Qxd6 16. Ng3 Bg6 17. Bxg6 hxg6 18. Qd2 Kg8 19. h4 f6 20. Qd3 Kf7 21. h5 gxh5 22. Nh4 Ne7 23. Nxh5 Rh8 24. Qf3 g6 25. Nf4 Rxh4 26. Nxe6 Qh2+ 27. Kf1 Qh1+ 28. Ke2 Re4+ 29. Kd2 Qh6+ 30. Kc2 Rxe6 31. Rxe6 Kxe6 32. Re1+ Ne5 33. Qg4+ Nf5 34. dxe5 fxe5 35. Qb4 Nd6 36. Qg4+ Nf5 37. Qb4 b5 38. f4 Qf8 39. Rxe5+ Kf6 40. Qa5 Qc5 41. Kd3 Qc4+ 42. Kc2 Nd4+ 43. Kd2 Nc6 44. Qb6 Qxf4+ 45. Re3 Rc8 46. Ke2 Qd6 47. Rf3+ Kg7 48. Re3 Rb8 0-1

[Event "Mediterranean-ch 7th"]
[Site "Rijeka"]
[Date "2009.09.16"]
[Round "8"]
[White "Pettersson, Anders"]
[Black "Baptista, Ana Filipa"]
[Result "0-1"]
[WhiteElo "2049"]
[BlackElo "2177"]
[PlyCount "48"]
[EventDate "2009.09.11"]
[EventType "swiss"]
[EventRounds "9"]
[EventCountry "CRO"]
[SourceTitle "CBM 132 Extra"]
[Source "ChessBase"]
[SourceDate "2009.11.03"]
[SourceVersion "1"]
[SourceVersionDate "2009.11.03"]
[SourceQuality "1"]

1. d4 Nf6 2. Nf3 b6 3. e3 e6 4. Bd3 Bb7 5. 0-0 Be7 6. c4 0-0 7. Nc3 d5 8. cxd5 Nxd5 9. e4 Nb4 10. Bb1 c5 11. e5 cxd4 12. Nxd4 Nd7 13. Re1 g6 14. Bh6 Re8 15. Be4 Nd5 16. Nxd5 exd5 17. Bc2 Bb4 18. f4 Qh4 19. Ba4 Bxe1 20. Qxe1 Qxh6 21. Bxd7 Qxf4 22. Nf3 Re7 23. e6 Qf6 24. exf7+ Qxf7 0-1